000
00292nam a2200133Ia 4500
100
_a
Ross/Timothy J
942
_c
BK
654
_a
fuzzy
245
_a
Fuzzy logic with Engineering applications
260
_b
McGraw - Hill
_c
1995
082
_a
4.65
_b
ROS
300
_a
600
546
_a
ENGLISH
999
_c
26596
_d
26596